【プロ野球】 2026年 東京ヤクルトスワローズ 応援歌 - Statistics

General Stats
  • This quiz has been taken 26 times
  • The average score is 20 of 26
Answer Stats
応援歌 選手名 % Correct
「〇〇〇〇!」「〇〇〇〇!」夢へと続く道 「〇〇!」 スタンド越えて打球は 遥かな夢へと続く 行け〇〇 新たな時代を 山田哲人
100%
溢れる情熱 心奮わすホームを守る 最後の砦となれ 古賀優大
91%
大空彩る 壮麗な華を未だ見ぬ景色の先へ 描けよ〇〇 オイ!レッツゴー!〇〇! オイ!レッツゴー!〇〇! ラララ・・・ まだ見ぬ景色の先へ  レッツゴー!〇〇! 内山壮真
91%
お前の為に 叫び続ける永遠に輝け 漢の生き様 長岡秀樹
87%
必ず掴む 栄光の瞬間を歓喜待ちわびる 杜を背に挑め 茂木栄五郎
87%
宿す魂 その剣に乗せ風を切り裂き 鮮やかに駆ける 塩見泰隆
87%
ここまで飛ばせ〇〇 ホームランホームラン〇〇「〇〇!」 さぁさ鍛えた肉体と 荒ぶる魂で ツバメを救え 「ホセ!」 ファイティングパワー オスナ
87%
割れんばかりの歓声を 背に受け挑めよ「〇〇!」勝利を呼び込む一振りで 皆の夢を掴み取れ サンタナ
87%
君が受けるその球に 込められし思い皆が夢見続けてきた 歓喜の時さ 中村悠平
87%
凛々しき立ち姿 度胸魅せてくれ流れ変える一振り 空へ虹架けろ 赤羽由紘
83%
渾身の一振りが今 勝利を決めるここで放て大空へ 行くぞ〇〇 宮本丈
83%
俊足巧打で スタンド揺るがす〇〇よ今こそ 大空へと羽ばたけよ 並木秀尊
78%
「走れ!」夢叶う日まで 誰よりも速く「〇〇!」神宮(みやこ)の韋駄天 俺らを導け 丸山和郁
78%
力強く歩む 誇らしき道 その手で叶えろ 果てなき願いを 松下歩叶
78%
勝利の旅路 切り拓く麗しき司令塔 強敵を超えろ 松本直樹
78%
煌めく技 燃えるその熱意 積み重ねた軌跡を 糧に突き進め 伊藤琉偉
78%
この舞台で 光放つ いま勝負を決める 気迫の一撃 北村恵吾
70%
希望乗せた一打 歓声を力に放て輝く未来 〇〇切り開け 武岡龍世
70%
球際で輝く 翔るその脚 果敢に食らいつけ 狙い澄まして 岩田幸宏
70%
歓声響く 憧れの大舞台一振りで 未来を掴み取れ 右打者汎用テーマ
70%
頼むぞ〇〇 ここでホームラン今だ一発ぶちかませ 左打者汎用テーマ
70%
闘志燃やして攻めろよ 投打に輝き放て勝利をその手で 掴み取れ 投手汎用テーマ
70%
この一打にかける 熱き男よここで敵を打ち砕き 勝利へと導け 増田珠
65%
大きな希望と 期待を背に受け大きく羽ばたけ 未来を描け 捕手汎用テーマ
65%
今だ打て〇〇 バットが火を吹くぞ 狙えホームラン レフト場外へ 池山隆寛
61%
新たな風吹かし 栄光掴むんだみなぎる熱い闘志 さあ共に闘おう 外国人野手汎用テーマ
61%
No matching quizzes found
Score Distribution
Percent of People with Each Score
Percentile by Number Answered
Your Score History
You have not taken this quiz